Các hợp chất nitril glucozit, flavonol glucozit và axit polyphenolic từ cây Cùm cụm răng (Ehretia dentata Courch) = Nitrile glucoside, flavonol glucoside and polyphenolic acids from Ehretia dentata Courch /

保存先:
書誌詳細
第一著者: Trịnh Thị Thủy.
その他の著者: Nguyễn Huy Cường., Trần Văn Sung.
フォーマット: 論文
言語:Vietnamese
タグ: タグ追加
タグなし, このレコードへの初めてのタグを付けませんか!
Thư viện lưu trữ: Thư viện Trường Đại học Đà Lạt
LEADER 00921nam a2200253 4500
001 DLU140165944
005 ##20141205
040 # # |a DLU  |b vie 
041 # # |a vie 
044 # # |a vn 
100 # # |a Trịnh Thị Thủy. 
245 # # |a Các hợp chất nitril glucozit, flavonol glucozit và axit polyphenolic từ cây Cùm cụm răng (Ehretia dentata Courch) =  |b Nitrile glucoside, flavonol glucoside and polyphenolic acids from Ehretia dentata Courch /  |c Trịnh Thị Thủy, Nguyễn Huy Cường, Trần Văn Sung. 
700 # # |a Nguyễn Huy Cường. 
700 # # |a Trần Văn Sung. 
773 # # |t Hóa học  |g Số 2, 2007, tr. 228-232 
920 # # |a Phòng Tạp chí -- Trung tâm Thông tin - Thư viện Trường Đại học Đà Lạt 
994 # # |a DLU 
900 # # |a True 
911 # # |a Hoàng Thị Huyền 
925 # # |a G 
926 # # |a A 
927 # # |a BB 
980 # # |a Thư viện Trường Đại học Đà Lạt